| 000 | 01686nam a22003255a 4500 | ||
|---|---|---|---|
| 003 | EG-ScBUE | ||
| 005 | 20220719100419.0 | ||
| 008 | 170509s2013 qa a f b 000 0 ara d | ||
| 020 | _a9789953025971 | ||
| 040 |
_aEG-ScBUE _bara _erda _cEG-ScBUE _dEG-ScBUE |
||
| 043 | _ama----- | ||
| 082 | 0 | 4 |
_222 _a492.780070174927 _bل غ هـ |
| 245 | 0 | 2 |
_aاللغة والهوية في الوطن العربي : _bإشكاليات التعليم والترجمة والمصطلح = Language and identity in the Arab World : problematic in education, translation and terminology _cبسام بركة، [وثمان آخرون] |
| 246 | 3 | 1 |
_aLanguage and identity in the Arab World : _bproblematic in education, translation and terminology |
| 250 | _aالطبعة الأولى. | ||
| 264 | 1 |
_aالدوحة : _bالمركز العربي للأبحاث ودراسة السياسات، _c2013. |
|
| 300 |
_a512 صفحة : _bإيضاحيات ؛ _c24 سم |
||
| 336 |
_2rdacontent _aنص _btxt |
||
| 337 |
_2rdamedia _aبدون وسيط _bn |
||
| 338 |
_2rdacarrier _aمجلد _bnc |
||
| 504 | _aيشتمل على إرجاعات ببليوجرافية. | ||
| 611 | 2 | 7 |
_aالمؤتمر السنوي للعلوم الاجتماعية والإنسانية : الهوية واللغة في الوطن العربي _d(2012 : _cالدوحة - قطر) |
| 650 | 7 |
_2BUEsh _aاللغة العربية _xتعليم وتدريس _zالبلاد العربية. |
|
| 650 | 7 |
_aالهوية (علم النفس) في الأدب _2BUEsh _zالبلاد العربية. |
|
| 651 | 7 | _2BUEsh | |
| 653 |
_bGGEN _cMay2017 |
||
| 655 |
_vReading book _934232 |
||
| 700 | 1 |
_aبركة، بسام، _eمؤلف. _922279 |
|
| 942 | _2ddc | ||
| 999 |
_c24809 _d24781 |
||